00536cam a22002171 4500001001300000003000400013005001700017008004100034010001700075025001800092035001900110040002500129042001200154050001500166100002200181245002200203260004100225300002400266650001100290999001700301sa 65005269 DLC20260227112136.0800919s1949 ii 000 0 eng  asa 65005269  aPL480:P-E-628 a(OCoLC)6731824 aDLCcAzUdOCoLCdDLC apremarc00aBP180b.A80 aAta Ullah,d1896-10aRevival of Zakat. aLahore,bRipon Print. Pressc[1949?] axii, 110 p.c19 cm. 0aZakat. c64222d64222